书目信息 |
| 题名: |
世界名枪荟萃
|
|
| 作者: | 贾璞 编著 | |
| 分册: | ||
| 出版信息: | 北京 机械工业出版社 2021.05 |
|
| 页数: | 178页 | |
| 开本: | 26cm | |
| 丛书名: | ||
| 单 册: | ||
| 中图分类: | E922.1 | |
| 科图分类: | ||
| 主题词: | 枪械--介绍--世界 | |
| 电子资源: | ||
| ISBN: | 978-7-111-67732-1 | |
| 000 | 01142nam0 2200289 450 | |
| 001 | 202021190234 | |
| 005 | 20211025120124.0 | |
| 010 | @a978-7-111-67732-1@dCNY99.00 | |
| 100 | @a20210919d2021 em y0chiy50 ea | |
| 101 | 0 | @achi |
| 102 | @aCN@b110000 | |
| 105 | @aa z 000yy | |
| 106 | @ar | |
| 200 | 1 | @a世界名枪荟萃@AShi Jie Ming Qiang Hui Cui@f贾璞编著 |
| 210 | @a北京@c机械工业出版社@d2021.05 | |
| 215 | @a178页@c图,照片@d26cm | |
| 312 | @a封面英文题名:World famous firearms | |
| 312 | @a封面副题名:展现147种世界名枪风采 | |
| 330 | @a本书是一本针对枪械爱好者的科普图书,荟萃了世界枪械领域内的4大门类武器,分为手枪、冲锋枪、步枪与狙击步枪、霰弹枪等,该书以枪械分类的方式、按国别整理了一系列在世界枪械发展中具有开创性、启发性的设计——这些枪械都曾彰显着自身的光辉。 | |
| 333 | @a枪械(轻武器)爱好者及研究者、枪械结构、枪械历史等爱好者 | |
| 510 | 1 | @aWorld famous firearms@zeng |
| 517 | 1 | @a展现147种世界名枪风采@AZhan Xian147Zhong Shi Jie Ming Qiang Feng Cai |
| 606 | 0 | @a枪械@x介绍@y世界 |
| 690 | @aE922.1@v5 | |
| 701 | 0 | @a贾璞@AJia Pu@4编著 |
| 801 | 0 | @aCN@c20210909 |
| 905 | @a河南城建学院图书馆@dE922.1@eJ245 | |
| 世界名枪荟萃/贾璞编著.-北京:机械工业出版社,2021.05 |
| 178页:图,照片;26cm |
| 使用对象:枪械(轻武器)爱好者及研究者、枪械结构、枪械历史等爱好者 |
| ISBN 978-7-111-67732-1:CNY99.00 |
| 本书是一本针对枪械爱好者的科普图书,荟萃了世界枪械领域内的4大门类武器,分为手枪、冲锋枪、步枪与狙击步枪、霰弹枪等,该书以枪械分类的方式、按国别整理了一系列在世界枪械发展中具有开创性、启发性的设计——这些枪械都曾彰显着自身的光辉。 |
| ● |
| 相关链接 |
|
|
|
正题名:世界名枪荟萃
索取号:E922.1/J245
 
预约/预借
| 序号 | 登录号 | 条形码 | 馆藏地/架位号 | 状态 | 备注 |
| 1 | 1539759 | 215397595 | 社科库509/509社科库 126排1列4层/ [索取号:E922.1/J245] | 在馆 | |
| 2 | 1539760 | 215397602 | 社科库509/509社科库 126排1列4层/ [索取号:E922.1/J245] | 在馆 |